000 00268nam a22001097a 4500
082 _a297.925WAQ
100 _aWaqar Ahmed
245 _aEminent Muslim Scientists the Quaid and Poets
260 _aKarachi:
_bRoyal Book Company,
_c1987.
300 _a106p. ;
942 _cBK
999 _c15436
_d15436